Brian Jacques' Redwall Book Series -All Books - Statistics

General Stats
  • This quiz has been taken 13 times
  • The average score is 15 of 22
Answer Stats
# Publication Answer Chronological Order % Correct
1 1986 Redwall 9
100%
2 1988 Mossflower 3
92%
6 1993 Martin the Warrior 2
83%
11 1998 Marlfox 13
75%
3 1989 Mattimeo 10
75%
12 1999 The Legend of Luke 4
75%
13 2000 Lord Brocktree 1
67%
4 1991 Mariel of Redwall 6
67%
8 1995 Outcast of Redwall 5
67%
9 1996 Pearls of Lutra 11
67%
17 2004 Rakkety Tam 17
67%
7 1994 The Bellmaker 7
67%
10 1997 The Long Patrol 12
67%
14 2001 The Taggerung 14
67%
15 2002 Triss 15
67%
19 2007 Eulalia! 19
58%
18 2005 High Rhulain 18
58%
5 1992 Salamandastron 8
58%
22 2011 The Rogue Crew 22
58%
20 2008 Doomwyte 20
50%
16 2003 Loamhedge 16
50%
21 2010 The Sable Quean 21
50%
No matching quizzes found
Score Distribution
Percent of People with Each Score
Percentile by Number Answered
Your Score History
You have not taken this quiz